[Event "NOR-ch Class2"]
[Site "Lillehammer"]
[Date "2013.06.29"]
[Round "7"]
[White "Bekkelien, Lewi"]
[Black "Sorjordet, Anders"]
[Result "1-0"]
[WhiteElo "1721"]
[BlackElo "1586"]
[PlyCount "119"]
[EventDate "2013.06.29"]
[EventType "swiss"]
[EventRounds "9"]
[EventCountry "NOR"]
[SourceTitle "EXT 2017"]
[Source "ChessBase"]
[SourceDate "2016.10.25"]
[SourceVersion "1"]
[SourceVersionDate "2016.10.25"]
[SourceQuality "1"]

1. d4 Nf6 2. Bf4 d5 3. e3 e6 4. Nf3 c5 5. c3 Nc6 6. Bd3 Be7 7. Nbd2 Bd7 8. Ne5 0-0 9. h3 a6 10. Ng4 Ne8 11. Nf3 b5 12. Nge5 b4 13. 0-0 Nxe5 14. Nxe5 f5 15. cxb4 cxb4 16. Qe2 a5 17. Rac1 Rc8 18. Ba6 Rxc1 19. Rxc1 Nd6 20. Nxd7 Qxd7 21. Qc2 Bd8 22. f3 g5 23. Be5 Bf6 24. Qc6 Qxc6 25. Rxc6 Bxe5 26. dxe5 Nc4 27. Bxc4 dxc4 28. Rxc4 Rd8 29. Rc2 Kf7 30. f4 h6 31. Kf2 Rd5 32. Ke2 Kg6 33. Rc6 Kf7 34. Rc7+ Kg6 35. Re7 gxf4 36. exf4 Rd4 37. g3 Rc4 38. Rxe6+ Kg7 39. Rd6 a4 40. Rd3 Rc2+ 41. Rd2 Rc4 42. Ke3 h5 43. Rd4 Rc2 44. Rd2 Rc4 45. Kd3 Rc1 46. Ke3 Rh1 47. Kf3 Rc1 48. Rd4 b3 49. Rxa4 Rc2 50. axb3 Rxb2 51. Rb4 Rd2 52. Rb7+ Kg8 53. b4 Rd3+ 54. Kf2 Rb3 55. h4 Rb2+ 56. Kf3 Rb3+ 57. Kg2 Rb2+ 58. Kh3 Rb3 59. b5 Kh8 60. Rf7 1-0

[Event "NOR-ch Class2"]
[Site "Lillehammer"]
[Date "2013.06.29"]
[Round "2"]
[White "Vage, Edvard"]
[Black "Sorjordet, Anders"]
[Result "1-0"]
[WhiteElo "1566"]
[BlackElo "1586"]
[PlyCount "35"]
[EventDate "2013.06.29"]
[EventType "swiss"]
[EventRounds "9"]
[EventCountry "NOR"]
[SourceTitle "EXT 2017"]
[Source "ChessBase"]
[SourceDate "2016.10.25"]
[SourceVersion "1"]
[SourceVersionDate "2016.10.25"]
[SourceQuality "1"]

1. e4 c5 2. Nc3 Nc6 3. f4 d6 4. Nf3 e6 5. Bb5 Qc7 6. 0-0 Be7 7. d3 Nf6 8. Qe1 0-0 9. e5 Nd7 10. Bxc6 Qxc6 11. Ne4 b5 12. b3 c4 13. Ba3 Nc5 14. exd6 Nxe4 15. dxe7 Re8 16. Qxe4 Qxe4 17. dxe4 c3 18. Rad1 1-0